000 00341nam a2200133Ia 4500
008 240624s9999 xx 000 0 und d
041 _aeng
082 _a658.487 JAC
100 _aJACKSON W THOMAS
245 _aBUSINESS ANALYTICS A CONTEMPORARY APPROA
260 _c2018
_aUk
_bMacmillan
300 _axviii,156P.;23cm.
365 _cERU
_b33
999 _c32573
_d32573